| 000 | 00601nam a2200193Ia 4500 | ||
|---|---|---|---|
| 003 | IN-BaIIA | ||
| 008 | 211028s9999 xx 000 0 eng d | ||
| 020 | _a0-7923-3058-7 | ||
| 040 | _cIIA Library | ||
| 080 |
_a524.77(082.2) _bCOS |
||
| 245 | 0 |
_aCosmological aspects of X-ray clusters of galaxies _cedited by Waltraut C. Seitter |
|
| 260 |
_aDordrecht _bKluwer Academic _c1994 |
||
| 300 | _a[various pagings.] | ||
| 650 | _aCosmology | ||
| 650 |
_aGalaxies _91286 |
||
| 650 |
_aX-Ray clusters _920720 |
||
| 700 |
_aSeitter, Waltraut C., ed. _920721 |
||
| 942 | _cBK | ||
| 999 |
_c11912 _d11912 |
||